000 00402nam a2200145Ia 4500
008 100204s9999 xx 000 0 und d
082 _b11466
100 _aकदम बा.
245 _aस्विकार
260 _b"शशीदीप प्रकाशन , पुणे"
_c1987
300 _a335
630 _aस्विकार
730 _aस्विकार
942 _cBOOK
999 _c455902
_d455899